Online
Catalog

Maravillas de la naturaleza / (Record no. 7089)

MARC details
000 -CABECERA
campo de control de longitud fija 01357cam a2200325 a 4500
001 - NÚMERO DE CONTROL
campo de control 000007308
005 - FECHA Y HORA DE LA ÚLTIMA TRANSACCIÓN
campo de control 20200929154128.0
008 - DATOS DE LONGITUD FIJA--INFORMACIÓN GENERAL
campo de control de longitud fija 960201s1994 ck 000 0dspa d
020 ## - NÚMERO INTERNACIONAL ESTÁNDAR DEL LIBRO
Número Internacional Estándar del Libro 9586120856 (colección)
020 ## - NÚMERO INTERNACIONAL ESTÁNDAR DEL LIBRO
Número Internacional Estándar del Libro 9586121720 (v. 1)
020 ## - NÚMERO INTERNACIONAL ESTÁNDAR DEL LIBRO
Número Internacional Estándar del Libro 9586121739 (v. 2)
020 ## - NÚMERO INTERNACIONAL ESTÁNDAR DEL LIBRO
Número Internacional Estándar del Libro 9586121909 (v. 3)
040 ## - FUENTE DE LA CATALOGACIÓN
Centro catalogador/agencia de origen DO-SdBNP
Lengua de catalogación spa
Centro/agencia transcriptor LC
Centro/agencia modificador BNPHU
082 ## - NÚMERO DE LA CLASIFICACIÓN DECIMAL DEWEY
Número de clasificación 918.6
Número de documento/Ítem S487m
049 ## - FONDOS LOCALES (OCLC)
Fondos de biblioteca BNGR
100 1# - ENTRADA PRINCIPAL--NOMBRE DE PERSONA
Nombre de persona Serra, Juan de Santa Gertrudis,
Fechas asociadas al nombre 1724 - 1799
9 (RLIN) 20303
245 10 - MENCIÓN DE TÍTULO
Título Maravillas de la naturaleza /
Mención de responsabilidad, etc. Juan de Santa Gertrudis ; prólogo de Juan Luis Mejía Arango.
260 ## - PUBLICACIÓN, DISTRIBUCIÓN, ETC.
Lugar de publicación, distribución, etc. Bogotá :
Nombre del editor, distribuidor, etc. Presidencia de la República;
-- Comisión Preparatoria para el V Centenario del Descubrimiento de América;
-- Instituto Colombiano de Cultura;
-- Biblioteca Nacional de Colombia,
Fecha de publicación, distribución, etc. 1994.
300 ## - DESCRIPCIÓN FÍSICA
Extensión v. ;
Dimensiones 24 cm.
490 1# - MENCIÓN DE SERIE
Mención de serie Biblioteca V Centenario Colcultura. Viajeros por Colombia
651 #4 - PUNTO DE ACCESO ADICIONAL DE MATERIA--NOMBRE GEOGRÁFICO
Nombre geográfico Colombia
Subdivisión general Descripciones Y Viajes
9 (RLIN) 16997
650 #4 - PUNTO DE ACCESO ADICIONAL DE MATERIA--TÉRMINO DE MATERIA
Término de materia o nombre geográfico como elemento de entrada Curiosidades
Subdivisión geográfica Colombia
9 (RLIN) 20304
600 10 - PUNTO DE ACCESO ADICIONAL DE MATERIA--NOMBRE DE PERSONA
Nombre de persona SERRA, JUAN DE SANTA GERTRUDIS,
Fechas asociadas al nombre 1724-1799
9 (RLIN) 20305
650 #4 - PUNTO DE ACCESO ADICIONAL DE MATERIA--TÉRMINO DE MATERIA
Término de materia o nombre geográfico como elemento de entrada Misiones
Subdivisión general Iglesia católica
-- Historia
9 (RLIN) 20306
650 #4 - PUNTO DE ACCESO ADICIONAL DE MATERIA--TÉRMINO DE MATERIA
Término de materia o nombre geográfico como elemento de entrada Misioneros españoles
9 (RLIN) 20307
700 1# - PUNTO DE ACCESO ADICIONAL--NOMBRE DE PERSONA
Nombre de persona Mejía Arango, Juan Luis,
Término indicativo de función/relación pról.
9 (RLIN) 20308
830 #0 - PUNTO DE ACCESO ADICIONAL DE SERIE-TÍTULO UNIFORME
Título uniforme Biblioteca V Centenario Colcultura.
Nombre de parte o sección de la obra Viajeros por Colombia
9 (RLIN) 20309
910 ## - DATOS DE OPCIÓN DEL USUARIO (OCLC)
Datos de opción del usuario Catalogación por copia / LC
910 ## - DATOS DE OPCIÓN DEL USUARIO (OCLC)
Datos de opción del usuario WM
Holdings
Estado de retiro Estado de pérdida Restricciones de uso No para préstamo Código de colección Localización permanente Ubicación/localización actual Ubicación en estantería Fecha de adquisición Número de inventario Total de préstamos Signatura topográfica completa Código de barras Fecha visto por última vez Precio válido a partir de Tipo de ítem Koha
    Préstamo interno   Monografías: Libros y Folletos General General Depósito 07.09.2009 LF1   918.6 S487m | v.1 7308-10 25.06.2020 25.06.2020 Préstamo interno
    Préstamo interno   Monografías: Libros y Folletos General General Depósito 28.01.2010 LF1   918.6 S487m | v.2 7308-20 25.06.2020 25.06.2020 Préstamo interno
    Préstamo interno   Monografías: Libros y Folletos General General Depósito 28.01.2010 LF1   918.6 S487m | v.3 7308-30 25.06.2020 25.06.2020 Préstamo interno

Powered by Koha